Héroes mitológicos
Guardado en:
| Autor principal: | |
|---|---|
| Formato: | Libro |
| Lenguaje: | Undetermined |
| Publicado: |
Madrid, España
M. E. Editores
1997
|
| Materias: | |
| Etiquetas: |
Agregar Etiqueta
Sin Etiquetas, Sea el primero en etiquetar este registro!
|
MARC
| LEADER | 00000nam a2200000Ia 4500 | ||
|---|---|---|---|
| 008 | 170316s9999 xx 000 0 und d | ||
| 090 | |a 291 P-2h | ||
| 100 | |a Padilla, M. R. | ||
| 245 | |a Héroes mitológicos | ||
| 260 | |a Madrid, España | ||
| 260 | |b M. E. Editores | ||
| 260 | |c 1997 | ||
| 300 | |a 191 páginas | ||
| 650 | |a MITOLOGÍA | ||
| 650 | |a LEYENDAS - DIOSES OLIMPO | ||
| 650 | |a MITOS | ||
| 650 | |a LOS GRANDES HÉROES | ||
| 999 | |c 18152 |d 18152 | ||
| 040 | |a cru BVZT | ||
| 942 | |c 15 D |h 291 P-2h |2 z | ||
